000
00381nam a2200133Ia 4500
008
151001s9999||||xx |||||||||||||| ||und||
100
_a
सुनिता पुंगलिया
245
_a
स्त्री आणि कायदा
250
_a
3
260
_b
वुमेन्स फौंडेशन
260
_c
1937
300
_a
102
365
_b
21
999
_c
967875
_d
967872